000 01184naa a22003257a 4500
001 BR7405651
003 BR-BrBNA
005 20240918173642.0
007 ta
008 230509b bl.||||| |||| 00| 0 por d
040 _aBR-BrBNA
_bpor
_cBiblioteca Nacional de Agricultura
041 _a(Pt)
072 _aF00; E30
_b0430
_b3575
_bG514
090 _aF00 BR7405651
100 1 _aSouza, W.W.C. de
111 1 _aConferencia Internacional Algodoeira
_cRio de Janeiro, GB (Brazil)
_d15 Oct 1922
245 1 _aIntensificacao da cultura do algodao. Servico Federal do Algodao [Gossypium spp; Brasil]
260 3 _aRio de Janeiro, GB (Brasil):
_c1922.
500 _aAnnaes da Conferencia Internacional Algodoeira Rio de Janeiro, GB (Brasil): 1922. p. 469-483 (BR7405651-AM)F00
650 _aProducao vegetal
650 _aDesenvolvimento agricola
650 _aAlgodao
650 _aSemente
650 _aPratica cultural
650 _aRendimento
650 _aAssistencia tecnica
773 0 _tAnnaes da Conferencia Internacional Algodoeira
_b
_wF00 BR7405651
_gRio de Janeiro, GB (Brasil), 1922. p. 469-483
909 _a202404
_bLucia
_c55
_dLucia Elande
942 _cAM
_2AGRIS
999 _c305985
_d305985